000 00659nam a2200193Ia 4500
003 LDD
008 190117s9999 xx 000 0 und d
020 _a9789350640647
_c₹95
040 _cLDD
041 _ahi
082 _a8H3.7 या4668मे
100 _aयादव, राजेन्द्र
245 0 _aमेरी प्रिय कहानियाँ
_cराजेन्द्र यादव
260 _aनई दिल्ली
_bराजपल एण्ड संस
_c2014
300 _a119
901 _aVANI
904 _aReqst by : J. M. Parakh
942 _2ddc
_cH
999 _c167795
_d167795